00574nam a2200181 a 450000100100000000500170001000800410002702000150006804000250008308200130010810000310012124500350015226000310018730000210021849000400023950000730027983000400035200004284920201002040438.0140211s1985 sp 000 0 spa d a8475308945 aDO-SdBNPbspacBNPHU axxxbxxx1 aSalgari, Emiliod1862-191113aLa Venganza /cEmilio Salgari. aBarcelona :bOrbis,c1985. a189 p. ;c20 cm.1 aLa grandes novelas de aventurasv25 aIncluye referencias bibliográficas y notas al pie de las páginas 0aLa grandes novelas de aventurasn25